000 00920nmm a2200289 a 4500
001 ocm000754724
003 TR-IsHL
005 20201028152803.0
008 150709s2002 tu tur
007 cr cn
020 _a9789756689158
035 _a754724
_b(N$T)
050 0 4 _aKKX4610
_b.Y87 2002
090 0 4 _aKKX4610
_b.Y87 2002
100 1 _aYurtcan, Erdener
245 1 0 _aCumhuriyet savcısının ve ceza yargıcının el kitabı
_h[electronic resource] /
_cErdener Yurtcan
260 _aAnkara :
_bTürkiye Barolar Birliği,
_c2002
300 _a669 p.
650 4 _aHukuk
650 4 _aLaw
650 0 _aCeza hukuku
_x Türkiye
650 0 _aCriminal law
_x Turkey
650 0 _aYargıçlar
_x Türkiye
650 0 _aJudges
_x Turkey
650 7 _aLAW / Criminal Law / General
_2bisacsh
856 4 0 _uhttp://search.ebscohost.com/login.aspx?direct=true&scope=site&db=e011xww&AN=754724
999 _c11710
_d11710